Κατάλογος Βιβλιοθηκών Mediterranean College

Τα Μαθηματικά των Παιδιών 4-6 Ετών / Αριθμοί και Χώρος (Record no. 6124)

MARC details
000 -LEADER
fixed length control field 01781cam a22002174a 4500
005 - ΗΜΕΡΟΜΗΝΙΑ ΚΑΙ ΩΡΑ ΤΕΛΕΥΤΑΙΑΣ ΕΝΗΜΕΡΩΣΗΣ
Πεδίο ελέγχου 20250605164233.0
008 - FIXED-LENGTH DATA ELEMENTS--GENERAL INFORMATION
Πεδίο ελέγχου σταθερού μήκους 250528s ||||||||||||||||||||||||d
035 ## - SYSTEM CONTROL NUMBER
System control number 21053
020 ## - ISBN
ISBN 9789601626772
040 ## - ΠΗΓΗ ΚΑΤΑΛΟΓΟΓΡΑΦΗΣΗΣ
Φορέας πρωτότυπης καταλογογράφησης MC Athens Campus Library
Γλώσσα καταλογογράφησης Ελληνικά, Μοντέρνα (1453-)
Modifying agency MC Athens Campus Library
Κανόνες περιγραφικής καταλογογράφησης AACR2
245 1# - ΤΙΤΛΟΣ ΚΑΙ ΔΗΛΩΣΗ ΥΠΕΥΘΥΝΟΤΗΤΑΣ
Τίτλος Τα Μαθηματικά των Παιδιών 4-6 Ετών / Αριθμοί και Χώρος
250 ## - EDITION STATEMENT
Edition statement
260 ## - PUBLICATION, DISTRIBUTION, ETC.
Name of publisher, distributor, etc. Πατάκη,
Date of publication, distribution, etc. 2015
300 ## - PHYSICAL DESCRIPTION
Extent 256
520 ## - SUMMARY, ETC.
Summary, etc. Στο βιβλίο αυτό παρουσιάζονται σύγχρονα ερευνητικά δεδομένα για τη μαθηματική εκπαίδευση των παιδιών της προσχολικής ηλικίας και διατυπώνεται πρόταση για την ανάπτυξη ενός Υποστηρικτικού Πλαισίου Μάθησης και Διδασκαλίας των μαθηματικών στο νηπιαγωγείο. Πρόλογος, Εισαγωγή, Σύγχρονες Προσεγγίσεις για τη Μάθηση και τη Διδασκαλία των Σχολικών Μαθηματικών, Η Σκέψη του Παιδιού της Προσχολικής Ηλικίας στα Μαθηματικά, Αριθμός και Πράξεις, Γεωμετρία, Μέτρηση, Υποστηρικτικό Πλαίσιο Μάθησης και Διδασκαλίας των Μαθηματικών στην Προσχολική Ηλικία, Πειραματικό Πρόγραμμα Διδασκαλίας Μαθηματικών στο Νηπιαγωγείο, Επίλογος, Βιβλιογραφία.
700 1# - ΠΡΟΣΘΕΤΗ ΑΝΑΓΡΑΦΗ--ΦΥΣΙΚΟ ΠΡΟΣΩΠΟ
Personal name Καφούση Σόνια
9 (RLIN) 4313
700 1# - ΠΡΟΣΘΕΤΗ ΑΝΑΓΡΑΦΗ--ΦΥΣΙΚΟ ΠΡΟΣΩΠΟ
Personal name Σκουμπουρδή Χρυσάνθη
9 (RLIN) 4314
942 ## - ADDED ENTRY ELEMENTS (KOHA)
Koha item type Books
Holdings
Τύπος τεκμηρίου Βιβλιοθήκη Τρέχουσα τοποθεσία Barcode Αριθμός εισαγωγής Ημερομηνία απόκτησης Ταξιθετικό σύμβολο Αριθμός αντιτύπου Κατάσταση απόσυρσης Κατάσταση χαμένου Κατάσταση κατεστραμμένου Μη δανεισμός Σύνολο δανεισμών Ημερομηνία τελευταίας εμφάνισης Η τιμή ισχύει από
Books MC Athens Campus Library MC Athens Campus Library 9780000061232 7062 05/06/2025 372.7 KAF 1           05/06/2025 05/06/2025

MC Athens Campus Library
Πατησίων 94 & Κοδριγκτώνος 13, 104 34
Πελλήνης 8 & Πατησίων 107, 112 51
Τ: +30 210 8899600

MC Thessaloniki Campus Library
Ίωνος Δραγούμη 21, 54625 | Ίωνος Δραγούμη 15, 54625
Τ: +30 2310 287779 – Τ: +30 2314 440300